Estadísticas para Circuitos Formula 1

Haz click aquí para intentar la prueba.

Estadísticas generales

  • Esta prueba ha sido intentada 624 veces
  • La puntuación promedio es 14 de 19

Estadísticas de respuestas

Respuesta% Correcto
Mónaco
91%
Monza
87%
Barcelona
86%
Austria / RB Ring
83%
Azerbayan
82%
SPA
82%
Hungaroring
80%
Baréin
79%
Imola
76%
Suzuka
75%
Yas Marina
74%
Marina Bay / Singapur
73%
Albert park
68%
Interlagos
68%
Hermanos rodriguez
57%
Hockenheimring
55%
Paul Ricard
51%
Shanghai
50%
Valencia / Europa
42%

Distribución de puntuación

Porcentaje por número respondido

Porcentaje de gente con cada puntuación

Historial de tus puntuaciones

No has intentado esta prueba.